000
00239nam a22001097a 4500
082
_a
681.42 TWY'P
100
_a
TWYMAN, F
_9
73342
245
_a
PRISM AND LENS MAKING
260
_a
LONDON
_b
ADAM HILGER
_c
1942
300
_a
178P
942
_c
BK
999
_c
579109
_d
579109